Cranford

में बचाया:
ग्रंथसूची विवरण
मुख्य लेखक: Gaskell, Elizabeth
स्वरूप: पुस्तक
भाषा:Undetermined
प्रकाशित: Oxford Oxford Univ. Press 1997
विषय:
टैग : टैग जोड़ें
कोई टैग नहीं, इस रिकॉर्ड को टैग करने वाले पहले व्यक्ति बनें!
Thư viện lưu trữ: Trung tâm Học liệu Trường Đại học Cần Thơ
LEADER 00510nam a2200193Ia 4500
001 CTU_35020
008 210402s9999 xx 000 0 und d
082 |a 823.8 
082 |b G248 
100 |a Gaskell, Elizabeth 
245 0 |a Cranford 
245 0 |c Elizabeth Gaskell 
260 |a Oxford 
260 |b Oxford Univ. Press 
260 |c 1997 
650 |a English fiction,English literature 
650 |y 19th century 
904 |i Qhieu sửa 
980 |a Trung tâm Học liệu Trường Đại học Cần Thơ